Państwa kończące się na literę A - Statystyki

Ogólne statystyki
  • Ten quiz został rozwiązany 937 razy
  • Średni wynik to 56 z 101
Statystyki odpowiedzi
Odpowiedź % Poprawnych
Polska
95%
Rosja
89%
Hiszpania
85%
Francja
84%
Szwecja
84%
Argentyna
81%
Finlandia
81%
Portugalia
81%
Ukraina
81%
Kanada
80%
Norwegia
80%
Brazylia
79%
Australia
78%
Japonia
78%
Austria
76%
Litwa
75%
Słowacja
75%
Wielka Brytania
75%
Belgia
74%
Dania
74%
Albania
73%
Andora
73%
Holandia
73%
Estonia
72%
Grecja
72%
Irlandia
72%
Islandia
72%
Łotwa
72%
Korea Południowa
71%
Słowenia
70%
Turcja
70%
Korea Północna
69%
Szwajcaria
68%
Chorwacja
67%
Rumunia
65%
Algieria
63%
Arabia Saudyjska
63%
Armenia
63%
Bułgaria
63%
Kolumbia
62%
Serbia
60%
Gruzja
59%
Indonezja
59%
Mołdawia
59%
Nowa Zelandia
59%
Dominika
58%
Macedonia Północna
57%
Dominikana
56%
Czarnogóra
55%
Kuba
55%
Wenezuela
55%
Angola
54%
Malta
54%
Boliwia
53%
Nigeria
53%
Tajlandia
53%
Mongolia
52%
Libia
51%
Panama
51%
Zambia
51%
Gwinea
50%
Kenia
50%
Bośnia i Hercegowina
48%
Etiopia
48%
Malezja
48%
Kostaryka
46%
Tunezja
46%
Jamajka
45%
Jordania
43%
Somalia
43%
Tanzania
43%
Gujana
42%
Kambodża
42%
Syria
42%
Gwatemala
41%
Gwinea Równikowa
41%
Demokratyczna Republika Konga
40%
Erytrea
40%
Ghana
40%
Papua-Nowa Gwinea
40%
Uganda
39%
Gambia
38%
Antigua i Barbuda
36%
Mauretania
36%
Sri Lanka
36%
Wyspy Marshalla
36%
Botswana
35%
Mikronezja
35%
Namibia
35%
Nikaragua
35%
Rwanda
33%
Wyspy Salomona
33%
Liberia
32%
Mjanma (Birma)
31%
Grenada
30%
Samoa
30%
Republika Środkowoafrykańska
29%
Saint Lucia
28%
Tonga
27%
Republika Zielonego Przylądka
24%
Wyspy Świętego Tomasza i Książęca
15%
Nie znaleziono quizów pasujących do podanych kryteriów
Rozkład punktacji
Procent ludzi z każdym wynikiem
Percentyl według liczby udzielonych odpowiedzi
Twoja historia wyników
Nie rozwiązałeś tego quizu